000 00349nam a22001217a 4500
040 _cHS
082 _a330
100 _aអ៊ុន ប៊ុនលាង
245 _aគណិតវិទ្យាសេដ្ឋកិច្ច​ Mathematical economics
260 _aRUA
_bអ៊ុន ប៊ុនលាង
_c2012
300 _a109p;
942 _cKB
999 _c9117
_d9117